Les homonymes dans la langue française - lettre N - Statistiques

Statistiques générales
  • Ce quiz a été pris 182 fois
  • Le résultat moyen est 12 sur 13
Statistiques - réponses
Mot Indice Homonyme % Correct
nue comme un ver nu
100%
il a nui obscurité nuit
100%
pif nez
99%
ni oiseau nid
99%
(il) noie fruit sec noix
99%
numéraux de téléphone numéro
99%
(ils) notèrent étude et clerc notaire
98%
noue pronom sujet nous
98%
non patronyme nom
97%
none religieuse nonne
95%
normal la moyenne normale
94%
(il)nagea serpent naja
82%
(il) négligeait vêtement intime négligé
81%
Aucun quiz correspondant
Distribution des résultats
% des personnes avec chaque résultat
Percentile par nombre de réponses
Votre historique - résultats
Vous n’avez pas pris ce quiz